| 000 | 00452nam a22001817a 4500 | ||
|---|---|---|---|
| 005 | 20230523172028.0 | ||
| 008 | 230523b |||||||| |||| 00| 0 eng d | ||
| 020 | _a9780470646151 | ||
| 082 |
_a621.4022 _bINC-P |
||
| 100 | _aIncropera;Frank.P | ||
| 245 | _aPrinciples of Heat and Mass Transfer | ||
| 250 | _a7th.ed | ||
| 260 |
_aAsia _bWiley & Sons _c2013 |
||
| 300 | _a1048 | ||
| 650 | _aEngineering | ||
| 700 | _aFrank;P.Incropera | ||
| 999 |
_c18420 _d18420 |
||